| 000 | 00738cam a2200253 a 4500 | ||
|---|---|---|---|
| 008 | |||
| 020 | _a0852968116 (pbk.) | ||
| 049 | _aMAIN | ||
| 090 |
_aTK145 _bWHI |
||
| 100 | 1 | _aWhitfield, John. | |
| 245 | 1 | 0 |
_aElectrical craft principles / _cJohn Whitfield. |
| 250 | _a4th ed. | ||
| 260 |
_aLondon, U.K. : _bInstitution of Electrical Engineers, _c1995. |
||
| 300 |
_a2 v. : _bill. ; _c25 cm. |
||
| 500 | _aIncludes indexes. | ||
| 650 | 0 | _aElectric engineering. | |
| 653 | 0 | _aElectrical engineering | |
| 710 | 2 | _aInstitution of Electrical Engineers. | |
| 907 |
_a.b10017471 _b09-10-12 _c17-04-03 |
||
| 003 | |||
| 005 | 20230123133556.0 | ||
| 040 | _cNUST | ||
| 942 |
_cBOOKS _kTK145 _mWHI |
||
| 999 |
_c150982 _d150982 |
||